000 00553nam a2200205Ia 4500
005 20231128094904.0
008 131103s9999 xx 000 0 und d
040 _aLoreto College
041 _aEnglish
082 _a327
_bKHA
100 _aKhanna, V. N.
245 _aInternational relations
_cV. N. Khanna
260 _aNew Delhi
_bVikas Publishing
_cc1996
300 _avii,429 p.
_b ill.,maps
504 _aIncludes index
650 _aPolitics - International Relations -
651 _aPolitical Science -
850 _aLCLIB
942 _cBK
999 _c1373
_d51852